[Event "25th Dubai Open A 2025"]
[Site "Dubai UAE"]
[Date "2025.05.29"]
[Round "3.25"]
[White "Prraneeth, Vuppala"]
[Black "Liyanage, Ranindu Dilshan"]
[Result "1-0"]
[WhiteTitle "GM"]
[BlackTitle "IM"]
[WhiteElo "2474"]
[BlackElo "2387"]
[WhiteFideId "46622373"]
[BlackFideId "9915834"]
[EventDate "2025.05.27"]

1. e4 e6 2. d4 d5 3. Nc3 Nf6 4. Bg5 h6 5. Bxf6 Qxf6 6. exd5 Bb4 7. Bb5+ Bd7 8.
Bxd7+ Nxd7 9. dxe6 Qxe6+ 10. Qe2 Bxc3+ 11. bxc3 Qxe2+ 12. Nxe2 O-O-O 13. O-O-O
Nb6 14. Rhe1 Rd5 15. Ng3 Ra5 16. Kb1 Rd8 17. Ne4 Ra3 18. Rd3 Nc4 19. Re2 Re8 20.
d5 Kd8 21. Rd4 b5 22. d6 f5 23. dxc7+ Kxc7 24. Ng3 Rxe2 25. Nxe2 Ra6 26. Rd1
Na3+ 27. Kb2 Nc4+ 28. Ka1 g6 29. Nd4 Rb6 30. h4 a6 31. h5 gxh5 32. Rh1 Rg6 33.
g3 f4 34. gxf4 Rg2 35. a4 bxa4 36. Rxh5 Nd6 37. f3 Nb5 38. Kb2 a3+ 39. Kb3 a2
40. Nxb5+ axb5 41. Kxa2 Rxc2+ 42. Kb3 Rf2 43. Rh3 Kd7 44. f5 Ke7 45. Kb4 Rb2+
46. Kc5 Rb3 47. Kd4 Kf6 48. Rxh6+ Kxf5 49. Rh5+ Kf4 50. Kd3 Rb2 51. Rh4+ Kxf3
52. Rb4 Rh2 53. Rxb5 Kf4 54. c4 Rh1 55. Kd4 Rd1+ 56. Kc5 Ke5 57. Kc6+ Ke6 58. c5
Ke7 59. Rb7+ Kd8 60. Rb8+ Ke7 61. Kc7 Rd7+ 62. Kb6 Rd2 63. c6 Ra2 64. c7 Rb2+
65. Ka5 1-0

[Event "25th Dubai Open A 2025"]
[Site "Dubai UAE"]
[Date "2025.05.29"]
[Round "3.26"]
[White "Tudor, Henry Edward"]
[Black "Harikrishnan, A. Ra"]
[Result "0-1"]
[WhiteTitle "FM"]
[BlackTitle "IM"]
[WhiteElo "2376"]
[BlackElo "2467"]
[WhiteFideId "2409836"]
[BlackFideId "5081483"]
[EventDate "2025.05.27"]

1. d4 Nf6 2. c4 e6 3. Nc3 d5 4. cxd5 exd5 5. Bg5 c6 6. e3 Qb6 7. Qc2 Ne4 8. Bf4
Bd6 9. Bxd6 Nxd6 10. Bd3 Qd8 11. Nge2 Qg5 12. O-O Bf5 13. Bxf5 Qxf5 14. Qxf5
Nxf5 15. b4 a6 16. a4 Nd7 17. b5 Nd6 18. bxc6 bxc6 19. Rfc1 Ke7 20. f3 f5 21.
Na2 Nc4 22. Nf4 g5 23. Nd3 Kd6 24. e4 f4 25. a5 Rhc8 26. Nab4 Nf8 27. Ne5 Nxe5
28. dxe5+ Kxe5 29. Nxc6+ Kd6 30. exd5 Nd7 31. Rab1 Nf6 32. Rb7 Nxd5 33. Rxh7 Rh8
34. Rg7 Rhg8 35. Rh7 Rh8 36. Rxh8 Rxh8 37. Nd4 Ke5 38. Nc6+ Kd6 39. Nd4 Ke5 40.
Nb3 Rb8 41. Nd2 Kd4 42. Ne4 Ne3 43. Nxg5 Rb2 44. Ne6+ Ke5 45. Nc5 Rxg2+ 46. Kh1
Ra2 47. Nd3+ Kd4 48. Nb4 Ra4 49. Nxa6 Rxa5 50. Nb4 Rb5 51. Na2 Kd3 52. Nc3 Rh5
53. Ne4 Ke2 54. Rc5 Nf5 55. Nf6 Ng3+ 56. Kg2 Rxc5 57. hxg3 Rg5 58. Ne4 Rg6 59.
Nc3+ Ke1 60. Ne4 Rg8 61. Kh3 Ke2 62. Kg2 Ke3 63. g4 Rc8 64. Ng5 Ra8 65. Ne6 Ra2+
66. Kh3 Kxf3 67. g5 Ra8 68. Nd4+ Ke4 0-1

[Event "25th Dubai Open A 2025"]
[Site "Dubai UAE"]
[Date "2025.05.29"]
[Round "3.27"]
[White "Roebers, Eline"]
[Black "Bronstein, Or"]
[Result "0-1"]
[WhiteTitle "IM"]
[BlackTitle "IM"]
[WhiteElo "2361"]
[BlackElo "2443"]
[WhiteFideId "1058401"]
[BlackFideId "2815770"]
[EventDate "2025.05.27"]

1. e4 c5 2. Nf3 d6 3. d4 cxd4 4. Nxd4 Nf6 5. Nc3 a6 6. Qd3 e6 7. g4 Nxg4 8. Rg1
Nf6 9. Bg5 h6 10. Bd2 b5 11. a3 Nbd7 12. Qg3 e5 13. Nf5 g6 14. Ne3 Nc5 15. f3
Be7 16. Qf2 Ne6 17. Ned5 Nxd5 18. Nxd5 Bh4 19. Rg3 Bb7 20. O-O-O Bxd5 21. exd5
Nf4 22. Bxf4 exf4 23. Qe2+ Kf8 24. Rg2 Qb6 25. Qd2 Re8 26. Bd3 Qe3 27. Re2 Qxd2+
28. Kxd2 Kg7 29. a4 Bf6 30. c3 Rxe2+ 31. Bxe2 Re8 32. h3 Rc8 33. Kc2 Re8 34. Kd2
Re7 35. Ra1 Rb7 36. Kc2 h5 37. axb5 axb5 38. Kb3 b4 39. Ba6 Rb8 40. cxb4 Re8 41.
Rf1 Re3+ 42. Kc2 Bd4 43. Rd1 Bb6 44. Rd3 Kf6 45. Rxe3 fxe3 46. Bb5 Kg5 47. Kd3
Kh4 48. Be8 Kxh3 49. Bxf7 Kg3 50. Ke2 h4 51. f4 Kxf4 52. Bxg6 Ke5 53. Bf7 h3 54.
Bh5 Kxd5 55. Bg4 h2 56. Bf3+ Kc4 57. b3+ Kxb4 58. Kd3 Kxb3 59. Bh1 Kb2 60. Bd5
Kc1 61. Bf3 Bc5 62. Ke2 Kc2 63. Bd5 Kc3 64. Bh1 Kc4 0-1

[Event "25th Dubai Open A 2025"]
[Site "Dubai UAE"]
[Date "2025.05.29"]
[Round "3.28"]
[White "Harshavardhan, G B"]
[Black "Nandhidhaa, P V"]
[Result "1-0"]
[WhiteTitle "IM"]
[BlackTitle "WGM"]
[WhiteElo "2441"]
[BlackElo "2363"]
[WhiteFideId "25059009"]
[BlackFideId "5050847"]
[EventDate "2025.05.27"]

1. e4 e6 2. d4 d5 3. Nc3 Nf6 4. e5 Nfd7 5. f4 c5 6. Nf3 Nc6 7. Be3 Be7 8. Qd2
O-O 9. dxc5 Qa5 10. a3 f6 11. exf6 Nxf6 12. Rd1 Bxc5 13. Nxd5 Qxd2+ 14. Rxd2
exd5 15. Bxc5 Re8+ 16. Re2 Bg4 17. Be3 Ne4 18. Rg1 Rac8 19. Kd1 d4 20. Bd2 Nxd2
21. Rxe8+ Rxe8 22. Kxd2 Re4 23. Bc4+ Kf8 24. Ng5 Rxf4 25. Rf1 Rxf1 26. Nxh7+ Ke7
27. Bxf1 Ne5 28. Ng5 b6 29. c3 dxc3+ 30. Kxc3 Kf6 31. Ne4+ Kf5 32. Nf2 Kf4 33.
Kd4 Bd7 34. Be2 Nc6+ 35. Kd3 Bf5+ 36. Kd2 Nd4 37. Bd1 Bg6 38. Nh3+ Ke5 39. Nf2
Kf4 40. g3+ Ke5 41. h4 Bf7 42. Bg4 Bc4 43. Bc8 Bb5 44. Ke3 Nc2+ 45. Kf3 Bc6+ 46.
Kg4 Ne3+ 47. Kg5 Be8 48. Ng4+ Nxg4 49. Bxg4 a5 50. Bh5 Bc6 51. g4 Be4 52. Bg6
Bc6 53. Bc2 Be8 54. a4 Kd4 55. Kf4 b5 56. axb5 Bxb5 57. h5 Be8 58. Bd1 Kd3 59.
g5 Kd2 60. h6 gxh6 61. gxh6 Bg6 62. Bg4 Bh7 63. b3 Kc3 64. Bf5 Bg8 65. Be6 Bxe6
66. h7 Bxb3 67. h8=Q+ Kb4 68. Ke3 a4 69. Kd4 Ka3 70. Ke4 1-0

[Event "25th Dubai Open A 2025"]
[Site "Dubai UAE"]
[Date "2025.05.29"]
[Round "3.29"]
[White "Piliposyan, Robert"]
[Black "Tin, Jingyao"]
[Result "1/2-1/2"]
[WhiteTitle "IM"]
[BlackTitle "GM"]
[WhiteElo "2416"]
[BlackElo "2601"]
[WhiteFideId "13309978"]
[BlackFideId "5804418"]
[EventDate "2025.05.27"]

1. e4 c5 2. Nf3 e6 3. d4 cxd4 4. Qxd4 Nc6 5. Qe3 Be7 6. Nc3 d5 7. Qf4 dxe4 8.
Nxe4 Nf6 9. Nxf6+ Bxf6 10. Bd3 O-O 11. O-O g6 12. Qg3 Qe7 13. c3 b6 14. Be4 Bb7
15. Bf4 Rfd8 16. Rad1 Rxd1 17. Rxd1 Rd8 18. Rxd8+ Qxd8 19. h4 Nd4 20. Nxd4 Bxe4
21. Bg5 h5 22. f3 Bd5 23. b3 Qe7 24. Bxf6 Qxf6 25. Qg5 Qxg5 26. hxg5 Kf8 27. c4
Bb7 28. Nb5 a5 29. Nd6 Ba6 30. Kf2 Ke7 31. Ne4 e5 32. Ke3 h4 33. Nc3 Kd6 34.
Ne4+ Ke7 35. Nc3 Kd6 36. Ne4+ 1/2-1/2

[Event "25th Dubai Open A 2025"]
[Site "Dubai UAE"]
[Date "2025.05.29"]
[Round "3.30"]
[White "Petkov, Momchil"]
[Black "Agasarov, Benik"]
[Result "1/2-1/2"]
[WhiteTitle "GM"]
[BlackTitle "FM"]
[WhiteElo "2524"]
[BlackElo "2414"]
[WhiteFideId "2921642"]
[BlackFideId "13314823"]
[EventDate "2025.05.27"]

1. e4 e5 2. Nf3 Nc6 3. Bc4 Nf6 4. d3 Be7 5. O-O O-O 6. a4 d5 7. exd5 Nxd5 8. a5
b6 9. a6 Rb8 10. Nc3 Nxc3 11. bxc3 Bf6 12. Qe2 Na5 13. Nxe5 Bxe5 14. Qxe5 Nxc4
15. dxc4 Be6 16. c5 Bc4 17. Re1 Re8 18. Qxe8+ Qxe8 19. Rxe8+ Rxe8 20. Be3 bxc5
21. Ra5 Re6 22. Rxc5 Rxa6 23. h4 Be6 24. Rxc7 Ra1+ 25. Kh2 Ra4 26. Bd4 a6 27.
Kg3 Ra2 28. Kf4 h6 29. Ra7 Bc4 30. Rc7 Be6 31. Ra7 1/2-1/2

[Event "25th Dubai Open A 2025"]
[Site "Dubai UAE"]
[Date "2025.05.29"]
[Round "3.31"]
[White "Davtyan, Artur"]
[Black "Vivaan Vishal Shah"]
[Result "1-0"]
[WhiteTitle "IM"]
[BlackTitle "FM"]
[WhiteElo "2485"]
[BlackElo "2410"]
[WhiteFideId "13308327"]
[BlackFideId "25184237"]
[EventDate "2025.05.27"]

1. e4 c5 2. Nf3 d6 3. d4 cxd4 4. Nxd4 Nf6 5. Nc3 Nc6 6. Bc4 Bd7 7. Bb3 g6 8. Be3
Ng4 9. Nxc6 bxc6 10. Qf3 Ne5 11. Qg3 Bg7 12. f4 Ng4 13. Bd2 O-O 14. h3 Nf6 15.
e5 dxe5 16. fxe5 Qc7 17. Qe3 Nd5 18. Nxd5 cxd5 19. Bxd5 Rad8 20. Bc3 Bb5 21.
O-O-O e6 22. Bf3 Rb8 23. Kb1 Rfc8 24. Ka1 Bf8 25. h4 a5 26. h5 a4 27. hxg6 fxg6
28. Bg4 Bc4 29. a3 Bc5 30. Qh3 Rb6 31. Ba5 h5 32. Bxb6 Qxb6 33. Bxh5 Rb8 34.
Rd8+ Rxd8 35. Bxg6 Rd1+ 36. Rxd1 Bd4 37. Qh7+ Kf8 38. Qf7# 1-0

[Event "25th Dubai Open A 2025"]
[Site "Dubai UAE"]
[Date "2025.05.29"]
[Round "3.32"]
[White "Neelash, Saha"]
[Black "Zhang, Di"]
[Result "1/2-1/2"]
[WhiteTitle "IM"]
[WhiteElo "2445"]
[BlackElo "2410"]
[WhiteFideId "5094160"]
[BlackFideId "8616590"]
[EventDate "2025.05.27"]

1. Nf3 Nf6 2. e3 d5 3. c4 e6 4. b3 c5 5. Bb2 Nc6 6. a3 Bd6 7. Qc2 O-O 8. Bd3 h6
9. Nc3 d4 10. exd4 cxd4 11. Ne4 e5 12. b4 Nh5 13. Nxd6 Qxd6 14. O-O Nf4 15. Rfe1
f5 16. c5 Qg6 17. Bc4+ Kh8 18. g3 e4 19. Nh4 Qg5 20. Bf1 Ng6 21. Nxg6+ Qxg6 22.
f4 a6 23. d3 e3 24. Bg2 Rd8 25. Bf3 Be6 26. Qg2 Rac8 27. Rac1 Qf7 28. Qh3 Bd5
29. Qh5 Qe6 30. Bxd5 Rxd5 31. Rc4 Kh7 32. Kf1 Qd7 33. Ke2 Nd8 34. Rec1 Ne6 35.
Qf3 Rc6 36. h3 Qd8 37. Kd1 Nc7 38. R1c2 a5 39. g4 axb4 40. axb4 Nb5 41. gxf5 Rf6
42. Qe4 Qd7 43. c6 bxc6 44. Rc5 Rfxf5 45. Rxc6 Nd6 46. Qg2 Qe6 47. Rc7 Ne8 48.
R7c6 Qf7 49. Qe4 Nd6 50. Rxd6 Rxd6 51. Bxd4 Qd5 52. Ke1 Rg6 53. Bxe3 Rg3 54. Kf2
Rxh3 55. Rc7 Qa2+ 56. Kf1 Qa1+ 57. Kf2 Qb2+ 58. Kf1 Qa1+ 59. Kf2 Qa2+ 60. Kf1
Rh5 61. Bd4 Rh1+ 62. Bg1 Qd5 63. Kg2 Rh4 64. Be3 Rg4+ 65. Kf3 Rg6 66. Bd4 Rxf4+
67. Kxf4 Qg5+ 68. Kf3 Qg3+ 69. Ke2 Qxc7 70. b5 Qh2+ 71. Ke1 Qc2 72. b6 Qc1+ 73.
Ke2 Qc2+ 74. Kf3 Qd1+ 75. Kf4 Qd2+ 76. Kf3 Qd1+ 77. Kf2 Qd2+ 78. Kf3 Qd1+ 1/2-1/2

[Event "25th Dubai Open A 2025"]
[Site "Dubai UAE"]
[Date "2025.05.29"]
[Round "3.33"]
[White "Jiang, Haochen"]
[Black "Kushagra, Mohan"]
[Result "1/2-1/2"]
[BlackTitle "IM"]
[WhiteElo "2439"]
[BlackElo "2400"]
[WhiteFideId "8631930"]
[BlackFideId "25033638"]
[EventDate "2025.05.27"]

1. e4 e5 2. Nf3 Nc6 3. Bb5 a6 4. Ba4 Nf6 5. O-O Bc5 6. d3 b5 7. Bb3 d6 8. a4 Rb8
9. c3 h6 10. d4 Bb6 11. Na3 O-O 12. axb5 axb5 13. Nxb5 Bg4 14. Bc2 Bxf3 15. gxf3
Nh5 16. f4 Nxf4 17. Bxf4 exf4 18. Kh1 Ne7 19. Rg1 Ng6 20. Qf3 c6 21. Na3 c5 22.
e5 dxe5 23. dxe5 Nxe5 24. Qe4 Ng6 25. Rxg6 fxg6 26. Qxg6 Re8 27. Qh7+ Kf8 28.
Bb3 c4 29. Bxc4 Qf6 30. Qg8+ Ke7 31. Re1+ Be3 32. Qd5 Red8 33. Qc5+ Qd6 34.
Qxd6+ Rxd6 35. Nb5 Rd2 36. fxe3 f3 37. Nd4 Rbxb2 38. Nxf3 Rdc2 39. Bd5 Rxc3 40.
Nd4 Rd3 41. Bc4 Rc3 42. Bb5 g5 43. e4 g4 44. e5 Rd2 45. Nf5+ Ke6 46. Nxh6 Rd4
47. Be2 Kxe5 48. Nxg4+ Kf4 49. Rf1+ Kg5 50. Nf2 Rc2 51. Bf3 Kh4 52. Ne4 Kh3 53.
Ng5+ Kh4 54. Be4 Rxh2+ 55. Kxh2 Kxg5 56. Bf3 Kf4 57. Bd1+ Ke5 58. Kg3 Rd3+ 59.
Bf3 Rd4 60. Re1+ Kd6 61. Be4 Ke5 62. Kf3 Rb4 63. Bc2+ Kd6 64. Ke3 Rh4 65. Ra1
Ke5 66. Ra5+ Kd6 67. Be4 Rh2 68. Kd4 Rd2+ 69. Bd3 Rd1 70. Ra6+ Ke7 71. Ke4 Re1+
72. Kf5 Kd7 73. Be4 Kc7 74. Ke5 Rd1 75. Rc6+ Kd7 76. Rb6 Ke7 77. Rb2 Re1 78.
Rb7+ Ke8 79. Ra7 Kf8 80. Kf5 Ke8 81. Bc6+ Kf8 82. Bd5 Rf1+ 83. Ke6 Re1+ 84. Kd6
Re7 85. Ra1 Rh7 86. Rf1+ Kg7 87. Bf7 Rh2 88. Ke7 Re2+ 89. Be6 Kg6 90. Rg1+ Kh5
91. Kf6 Rf2+ 92. Bf5 Kh4 93. Rg8 Rf4 94. Ke5 Rf2 95. Rg7 Re2+ 96. Be4 Rf2 97.
Rg8 Kh3 98. Kd4 Kh4 99. Ke3 Rf7 100. Bf3 Re7+ 101. Kf2 Ra7 102. Rg4+ Kh3 103.
Rg5 Ra2+ 104. Be2 Ra4 105. Rb5 1/2-1/2

[Event "25th Dubai Open A 2025"]
[Site "Dubai UAE"]
[Date "2025.05.29"]
[Round "3.34"]
[White "Hayrapetyan, Hovik"]
[Black "Gaal, Zsoka"]
[Result "1-0"]
[WhiteTitle "GM"]
[BlackTitle "WGM"]
[WhiteElo "2423"]
[BlackElo "2395"]
[WhiteFideId "13302639"]
[BlackFideId "777765"]
[EventDate "2025.05.27"]

1. d4 Nf6 2. c4 e6 3. Nc3 Bb4 4. Nf3 O-O 5. Bg5 c5 6. Rc1 h6 7. Bh4 cxd4 8. Nxd4
e5 9. Bxf6 Qxf6 10. Nb5 d5 11. cxd5 a6 12. Na3 b5 13. Nc2 Bxc3+ 14. bxc3 e4 15.
Ne3 Nd7 16. g3 Bb7 17. Bg2 Rfe8 18. c4 bxc4 19. Rxc4 Nb6 20. Rd4 Qg6 21. O-O
Rad8 22. Qb1 f5 23. d6 Rxd6 24. Qb3+ Kh8 25. Rxd6 Qxd6 26. Rb1 Nd7 27. Qf7 Re7
28. Nxf5 Qb6 29. Rxb6 Rxf7 30. Rxb7 1-0

[Event "25th Dubai Open A 2025"]
[Site "Dubai UAE"]
[Date "2025.05.29"]
[Round "3.35"]
[White "Garayev, Kanan"]
[Black "Dau Khuong Duy"]
[Result "0-1"]
[WhiteTitle "IM"]
[BlackTitle "IM"]
[WhiteElo "2336"]
[BlackElo "2423"]
[WhiteFideId "13406671"]
[BlackFideId "12424722"]
[EventDate "2025.05.27"]

1. e4 c5 2. Nf3 d6 3. Bb5+ Nd7 4. O-O a6 5. Bxd7+ Bxd7 6. c3 Nf6 7. Re1 e6 8. d4
Be7 9. e5 dxe5 10. dxe5 Nd5 11. c4 Nb6 12. Qe2 Bc6 13. Nc3 Qc7 14. Ne4 Rd8 15.
Bd2 Nc8 16. h4 Bxh4 17. Nxh4 Bxe4 18. Qxe4 Rxd2 19. Nf3 Rxb2 20. Rad1 Ne7 21.
Rd3 Ng6 22. Red1 O-O 23. Rd7 Qc6 24. Qxc6 bxc6 25. Rc7 Rc2 26. Rd6 Rxc4 27.
Rdxc6 Ra4 28. Rxc5 Rxa2 29. Ra7 h6 30. Rc6 Re2 31. Rc5 Nf4 32. Rd7 g5 33. Ra5
Rb8 34. Rd2 g4 35. Rd4 g3 0-1

[Event "25th Dubai Open A 2025"]
[Site "Dubai UAE"]
[Date "2025.05.29"]
[Round "3.36"]
[White "Al Hosani, Omran"]
[Black "Gupta, Abhijeet"]
[Result "1/2-1/2"]
[WhiteTitle "IM"]
[BlackTitle "GM"]
[WhiteElo "2299"]
[BlackElo "2577"]
[WhiteFideId "9308733"]
[BlackFideId "5010608"]
[EventDate "2025.05.27"]

1. d4 Nf6 2. c4 e6 3. Nf3 d5 4. g3 Bb4+ 5. Bd2 Be7 6. Bg2 O-O 7. O-O Nbd7 8. Qc2
c6 9. Bf4 a5 10. Rd1 a4 11. a3 Ne4 12. Ne5 f5 13. Nc3 g5 14. Nxd7 Bxd7 15. Be5
Nxc3 16. Qxc3 Qa5 17. c5 b5 18. Qe3 Qd8 19. f4 Ra7 20. Rf1 Rb7 21. Qc3 Be8 22.
Qb4 Ra7 23. Rfb1 Bf6 24. Bd6 Rff7 25. Rf1 h5 26. Qc3 Rg7 27. fxg5 Bxg5 28. Rf2
h4 29. Raf1 hxg3 30. hxg3 Raf7 31. Bf3 Rh7 32. Rg2 Qf6 33. Kf2 Rh3 34. Bf4 Rfh7
35. Qe3 Rg7 36. Rfg1 Bh5 37. Bxg5 Rxg5 38. Qf4 Bg4 39. Ke3 Rg7 40. Kd3 Kh7 41.
Rf2 Qh6 42. Ke3 Bxf3 43. exf3 Kg8 44. Qxh6 Rxh6 45. Kf4 Kf7 46. Re2 Rh3 47. Reg2
Kf6 48. Re2 Ke7 49. Rge1 Rh6 50. Rg1 Rg8 51. Rgg2 Rgh8 52. Re1 Rh2 53. Rge2 R8h6
54. Kg5 Kf7 55. Kf4 R2h3 56. Rg1 Rg6 57. Reg2 Kf6 58. Re2 Ke7 59. Reg2 Kd7 60.
Re1 Kc7 61. Ree2 Kb7 62. Rh2 Rgxg3 63. Rxh3 Rxh3 64. Rxe6 Rh2 65. Ke5 b4 66. Kd6
Rxb2 67. axb4 Rxb4 68. Re7+ Ka6 69. Kxc6 Rxd4 70. Re8 Ka5 71. Kd6 Rc4 72. Kxd5
Rc3 73. Ra8+ Kb5 74. Rb8+ Ka5 75. Ra8+ Kb5 76. Rb8+ Ka5 1/2-1/2

[Event "25th Dubai Open A 2025"]
[Site "Dubai UAE"]
[Date "2025.05.29"]
[Round "3.37"]
[White "Balajayeva, Khanim"]
[Black "Borgaonkar, Akshay"]
[Result "0-1"]
[WhiteTitle "IM"]
[BlackTitle "FM"]
[WhiteElo "2358"]
[BlackElo "2453"]
[WhiteFideId "13406396"]
[BlackFideId "25639110"]
[EventDate "2025.05.27"]

1. e4 c5 2. Nf3 e6 3. d4 cxd4 4. Nxd4 Nc6 5. Bf4 d6 6. Nxc6 bxc6 7. Bd3 Rb8 8.
Nd2 e5 9. Be3 d5 10. exd5 cxd5 11. Qe2 Bd6 12. O-O Ne7 13. Bxa7 Rb7 14. Be3 O-O
15. Nb3 d4 16. Bg5 h6 17. Bd2 Ng6 18. Qh5 Re7 19. Rfe1 Qe8 20. a4 Bb7 21. Na5
Ba8 22. Bb5 Qc8 23. Nc4 Bc7 24. f3 Re6 25. Re2 f5 26. Na3 Kh7 27. Bc4 Ree8 28.
Bb5 Re7 29. Bg5 Re6 30. Bc4 Rb6 31. Nb5 Bd8 32. Bxd8 Qxc4 33. Bxb6 Qxe2 34. Qh3
Rf6 35. Bd8 Nf4 36. Qg3 Rg6 37. Re1 Qd2 0-1

[Event "25th Dubai Open A 2025"]
[Site "Dubai UAE"]
[Date "2025.05.29"]
[Round "3.38"]
[White "Stribuk, Artiom"]
[Black "Rakshitta, Ravi"]
[Result "1/2-1/2"]
[WhiteTitle "IM"]
[BlackTitle "WGM"]
[WhiteElo "2433"]
[BlackElo "2324"]
[WhiteFideId "13515659"]
[BlackFideId "25073230"]
[EventDate "2025.05.27"]

1. Nf3 Nf6 2. g3 g6 3. c4 Bg7 4. Bg2 O-O 5. O-O d6 6. Nc3 c5 7. d4 Nc6 8. d5 Na5
9. Nd2 e6 10. Rb1 exd5 11. cxd5 Bd7 12. b4 cxb4 13. Rxb4 Rc8 14. Bb2 Qe7 15.
Nce4 Nxd5 16. Bxg7 Kxg7 17. Qa1+ f6 18. Rd4 Be6 19. Nxd6 Qxd6 20. Bxd5 Bxd5 21.
e4 Rc5 22. Nb3 Nxb3 23. axb3 Qe5 24. exd5 Rxd5 25. Rxd5 Qxd5 26. Qxa7 Qxb3 27.
Qd4 Qe6 28. Rb1 Rf7 29. Rb6 Qf5 30. Kg2 Rd7 31. Qc4 Re7 32. h4 Qe5 33. Rb5 Qb8
34. Qd4 Qc8 35. Rb6 Qf5 36. Qc4 Qd7 37. Qb3 Qd4 38. Rb4 Qe5 39. Rb6 Qe4+ 40. Qf3
Qxf3+ 41. Kxf3 f5 42. Kf4 Kh6 43. f3 Rc7 44. Rb4 Kh5 45. Rb5 Kh6 46. Rb4 Rf7 47.
Rb6 Kg7 48. Ke5 Kf8 49. Kf4 Ke8 50. Rd6 Ke7 51. Ke5 Kf8 52. Rb6 Ke8 53. Rd6 Rd7
54. Rb6 Kd8 55. h5 Kc7 56. Re6 gxh5 57. Rh6 b5 58. Rxh5 Kc6 59. Rh6+ Kc5 60.
Kxf5 b4 61. Rh1 b3 62. f4 Kc4 63. g4 b2 64. g5 Rb7 65. Rb1 Kc3 66. Kf6 Kc2 67.
Rh1 b1=Q 68. Rxb1 Rxb1 69. Kg7 Rb7+ 70. Kh6 Kd3 71. f5 Ke4 72. g6 hxg6 73. fxg6
Rb6 74. Kh7 Kf5 75. g7 Rb7 76. Kh8 Rxg7 77. Kxg7 Ke5 1/2-1/2

[Event "25th Dubai Open A 2025"]
[Site "Dubai UAE"]
[Date "2025.05.29"]
[Round "3.39"]
[White "Farahat, Ali"]
[Black "Manon, Reja Neer"]
[Result "1/2-1/2"]
[WhiteTitle "IM"]
[BlackTitle "IM"]
[WhiteElo "2321"]
[BlackElo "2403"]
[WhiteFideId "10600507"]
[BlackFideId "10224009"]
[EventDate "2025.05.27"]

1. e4 d6 2. d4 Nf6 3. Nc3 e6 4. Nf3 a6 5. Bd3 Be7 6. Qe2 Nc6 7. e5 dxe5 8. dxe5
Nd5 9. Bd2 Ndb4 10. Be4 Nd4 11. Nxd4 Qxd4 12. f4 Nd5 13. O-O-O c6 14. Rhf1 Bd7
15. Rf3 O-O-O 16. Be1 Qb6 17. Nxd5 exd5 18. Rb3 Qc7 19. Bd3 b5 20. c4 dxc4 21.
Bxc4 bxc4 22. Qxc4 Qa7 23. Bf2 c5 24. Qxf7 Bg4 25. Rd6 Rhf8 26. Rc6+ Kd7 27.
Rd6+ Kc8 28. Rc6+ Kd7 29. Rd6+ 1/2-1/2

[Event "25th Dubai Open A 2025"]
[Site "Dubai UAE"]
[Date "2025.05.29"]
[Round "3.40"]
[White "Beydullayeva, Govhar"]
[Black "Tregubenko, Nikolay"]
[Result "1-0"]
[WhiteTitle "WGM"]
[WhiteElo "2394"]
[BlackElo "2277"]
[WhiteFideId "13413015"]
[BlackFideId "34358978"]
[EventDate "2025.05.27"]

1. d4 Nf6 2. c4 g6 3. Nc3 Bg7 4. e4 d6 5. Be2 O-O 6. Nf3 Na6 7. O-O e5 8. Bg5 h6
9. Be3 Ng4 10. Bc1 exd4 11. Nxd4 Nf6 12. Be3 Re8 13. f3 c6 14. Qd2 Kh7 15. Rad1
Nc7 16. Bf2 d5 17. cxd5 cxd5 18. Ndb5 Be6 19. e5 Nxb5 20. Bxb5 Nd7 21. f4 a6 22.
Ba4 f6 23. exf6 Qxf6 24. Bxd7 Bxd7 25. Nxd5 Qf7 26. Nc7 Bb5 27. Nxe8 Rxe8 28.
Rfe1 Qxa2 29. Rxe8 Bxe8 30. Bd4 Bf8 31. Qe3 Ba4 32. Qe5 Qg8 33. Qc7+ Bg7 34. Re1
Kh8 35. Bxg7+ Qxg7 36. Qd8+ 1-0

[Event "25th Dubai Open A 2025"]
[Site "Dubai UAE"]
[Date "2025.05.29"]
[Round "3.41"]
[White "Zia, Tahsin Tajwar"]
[Black "Sultan, Ibrahim"]
[Result "0-1"]
[WhiteTitle "FM"]
[BlackTitle "IM"]
[WhiteElo "2374"]
[BlackElo "2222"]
[WhiteFideId "10211888"]
[BlackFideId "9301143"]
[EventDate "2025.05.27"]

1. Nf3 Nf6 2. c4 d6 3. d4 g6 4. Nc3 Bg7 5. g3 Bf5 6. Bg2 Ne4 7. Qb3 Nxc3 8. bxc3
Be4 9. O-O O-O 10. Bh3 b6 11. Nd2 Bb7 12. e4 Nc6 13. Re1 e5 14. d5 Na5 15. Qc2
Bc8 16. Bf1 f5 17. Nb3 Nb7 18. a4 a5 19. exf5 Bxf5 20. Qd1 Qf6 21. Be3 Nc5 22.
Ra2 h5 23. h3 Qf7 24. Kh2 Kh7 25. Bg2 Bh6 26. Bxh6 Kxh6 27. Rae2 Nd3 28. Rf1 Kg7
29. Re3 Nb2 30. Qe2 Nxa4 31. f4 Qd7 32. fxe5 dxe5 33. Rxe5 Rae8 34. Re1 Rxe5 35.
Qxe5+ Kg8 36. Nd4 Qd6 37. Nb5 Qxe5 38. Rxe5 Rf7 39. d6 cxd6 40. Nxd6 Rf8 41.
Bd5+ Kg7 42. Re3 Nc5 43. Re7+ Kf6 44. Rc7 Bd7 45. Ra7 Be6 46. Rc7 a4 47. Rc6 Ke5
48. Bxe6 a3 49. Nf7+ Rxf7 50. Bxf7 a2 51. Rxb6 a1=Q 52. Bd5 Qxc3 53. h4 Qd2+ 54.
Kh3 Nd3 55. Bg2 Nf2+ 56. Kh2 Ng4+ 57. Kh3 Ne3 58. Bc6 Qc1 59. Rb5+ Kf6 60. Bg2
Qxc4 61. Rb2 Kg7 62. Rf2 Qe6+ 0-1

[Event "25th Dubai Open A 2025"]
[Site "Dubai UAE"]
[Date "2025.05.30"]
[Round "4.2"]
[White "Nihal, Sarin"]
[Black "Parkhov, Yair"]
[Result "1-0"]
[WhiteTitle "GM"]
[BlackTitle "GM"]
[WhiteElo "2693"]
[BlackElo "2514"]
[WhiteFideId "25092340"]
[BlackFideId "2813408"]
[EventDate "2025.05.27"]

1. c4 e6 2. Nc3 c5 3. Nf3 Nf6 4. e3 d5 5. cxd5 exd5 6. d4 Nc6 7. Bb5 Bd6 8. O-O
O-O 9. dxc5 Bxc5 10. b3 Be6 11. Bb2 Rc8 12. Rc1 Qe7 13. h3 Rfd8 14. Na4 Bd6 15.
Bxc6 Rxc6 16. Rxc6 bxc6 17. Bxf6 Qxf6 18. Qd4 Qe7 19. Rc1 Rc8 20. Nc5 Bf5 21.
Nh4 Bg6 22. b4 Re8 23. Nxg6 hxg6 24. a3 Bc7 25. Nd3 Qd6 26. Kf1 Bb6 27. Qf4 Qe6
28. Kg1 f6 29. a4 g5 30. Qg4 Qd6 31. a5 Bc7 32. g3 Re4 33. Qc8+ Kh7 34. Qa6 Rxe3
35. Rxc6 Rxg3+ 36. Kf1 Qd7 37. fxg3 Qxh3+ 38. Ke2 Bxg3 39. Qc8 Qg2+ 40. Kd1 Qf1+
41. Kd2 Bf4+ 42. Nxf4 Qxf4+ 43. Kc2 Qxb4 44. Qf5+ Kh6 45. Qxd5 Qa4+ 46. Kd2 Qf4+
47. Ke2 Qh2+ 48. Kd3 g4 49. Rc1 Qg3+ 50. Kc2 Qc7+ 51. Kd1 Qg3 52. Rc5 g5 53.
Qh1+ Kg7 54. Ke2 Qf4 55. a6 g3 56. Qb7+ Kh6 57. Qh1+ Kg7 58. Qb7+ Kh6 59. Qf3
Qd4 60. Rc6 Qb2+ 61. Kf1 Kg6 62. Qe4+ Kh6 63. Qh1+ Kg6 64. Qf3 g2+ 65. Kg1 Qd2
66. Rxf6+ 1-0

[Event "25th Dubai Open A 2025"]
[Site "Dubai UAE"]
[Date "2025.05.30"]
[Round "4.3"]
[White "Iniyan, Pa"]
[Black "Rohith, Krishna S"]
[Result "0-1"]
[WhiteTitle "GM"]
[BlackTitle "IM"]
[WhiteElo "2573"]
[BlackElo "2490"]
[WhiteFideId "25002767"]
[BlackFideId "46617051"]
[EventDate "2025.05.27"]

1. d4 d5 2. c4 e6 3. Nc3 Be7 4. Nf3 Nf6 5. Bg5 h6 6. Bxf6 Bxf6 7. cxd5 exd5 8.
Qb3 c6 9. e3 O-O 10. Bd3 Re8 11. O-O Nd7 12. h3 Nb6 13. Rac1 a5 14. a3 Be7 15.
Rfe1 Bd6 16. Qc2 Nd7 17. e4 dxe4 18. Nxe4 Bf4 19. Rcd1 Nf8 20. Ne5 Bxe5 21. dxe5
Rxe5 22. f4 Rd5 23. Nc3 Rd4 24. f5 b5 25. Ne2 Rd6 26. Ng3 Ra7 27. f6 g6 28. Qd2
Kh7 29. Ne4 Rd4 30. Nc5 Bf5 31. Qe3 Bxd3 32. Rxd3 Rxd3 33. Nxd3 Rc7 34. Qf4 Ne6
35. Rxe6 fxe6 36. Ne5 Rc8 37. Ng4 Qf8 38. Kh2 e5 39. Qxe5 Qf7 40. Qe3 h5 41.
Qh6+ Kg8 42. Ne5 Qxf6 43. Nxg6 Re8 44. Qxh5 Re6 45. Nh4 Qe5+ 46. Qxe5 Rxe5 47.
g4 Re2+ 48. Kg3 Rxb2 49. Nf5 b4 50. axb4 a4 51. g5 a3 0-1